| 000 -ლიდერი |
| ფიქსირებული სიგრძის საკონტროლო ველი |
01935nam a2200289Ia 4500 |
| 001 - საკონტროლო ნომერი |
| საკონტროლო ველი |
17564 |
| 003 - საკონტროლო ნომრის იდენტიფიკატორი |
| საკონტროლო ველი |
GE_BSU |
| 005 - ბოლო ოპერაციის თარიღი და დრო |
| საკონტროლო ველი |
20200213163222.0 |
| 008 - ფიქსირებული სიგრძის მონაცემთა ელემენტები - ზოგადი ინფორმაცია |
| ფიქსირებული სიგრძის საკონტროლო ველი |
181216s2015ge xx |||||||||||||| ||geo|| |
| 020 ## - წიგნის საერთაშორისო სტანდარტული ნომერი |
| International Standard Book Number |
9789941462184 |
| 040 ## - კატალოგიზაციის წყარო |
| Transcribing agency |
GE_BSU |
| 041 ## - ენის კოდი |
| Language code of text/sound track or separate title |
geo |
| 080 ## - უნივერსალური ათობითი კლასიფიკაციის ინდექსი |
| Universal Decimal Classification number |
910.4(560)+81(479.22)(092) მ-31 |
| 100 ## - მთავარი ჩანაწერი - პიროვნების სახელი |
| Personal name |
მარი, ნიკო. |
| 9 (RLIN) |
109 |
| 245 ## - ცნობა სათაურის შესახებ |
| Title |
მოგზაურობიდან თურქეთის ლაზეთში (შთაბეჭდილებები და დაკვირვებები) / |
| Statement of responsibility, etc |
რუსულ. თარგმნა : მერაბ მეგრელიშვილმა ; რედ : რევაზ დიასამიძე ; ნანა ცეცხლაძე. |
| 264 ## - წარმოების, გამოცემის, დისტრიბუციის და სხვა ცნობები |
| გამოცემის, წარმოების, დისტრიბუციის... ადგილი |
ბათუმი : |
| გამოცემის, წარმოების, დისტრიბუციის... სახელწოდება |
შოთა რუსთაველის უნი-ტის გამ-ბა, |
| გამოცემის, წარმოების, დისტრიბუციის... თარიღი |
2015. |
| 300 ## - ფიზიკური აღწერა |
| Extent |
50 გვ; |
| Other physical details |
ილ.; |
| Dimensions |
27 სმ. |
| 500 ## - ზოგადი შენიშვნა |
| General note |
(მოხსენებულია 1910წლის 21მარტის პეტერბურგის მეცნიერებათა აკადემიის ისტორია-ფილოლოგიის განყოფილების სხდომაზე). |
| 653 ## - INDEX TERM--UNCONTROLLED |
| Uncontrolled term |
გეოგრაფია |
| 653 ## - INDEX TERM--UNCONTROLLED |
| Uncontrolled term |
მოგზაურობა |
| 653 ## - INDEX TERM--UNCONTROLLED |
| Uncontrolled term |
მოგზაურობიდან თურქეთის ლაზეთში |
| 653 ## - INDEX TERM--UNCONTROLLED |
| Uncontrolled term |
ნ.მარის მოგზაურობის მიზანი იყო ჭანურ-ლაზური ენის შესწავლა. |
| 700 ## - ADDED ENTRY--PERSONAL NAME |
| Personal name |
მეგრელიშვილი, მერაბ |
| Relator term |
რუსულიდან თარგმნა |
| 9 (RLIN) |
1818 |
| 700 ## - ADDED ENTRY--PERSONAL NAME |
| Personal name |
დიასამიძე, რევაზ |
| Relator term |
რედაქტორი |
| 9 (RLIN) |
111 |
| 700 ## - ADDED ENTRY--PERSONAL NAME |
| Personal name |
ცეცხლაძე, ნანა |
| Relator term |
რედაქტორი |
| 9 (RLIN) |
4739 |
| 942 ## - ADDED ENTRY ELEMENTS (KOHA) |
| Koha item type |
წიგნი |
| Source of classification or shelving scheme |
|